Music Quiz

Random Music Quiz

Which decade?: BEE GEES Quiz Stats

 Plays Quiz not verified by Sporcle

Support Sporcle.
Go Orange.
Score 0/40 Timer 10:00
0 Plays Today
% Correct
1960s
100%
1970s
95.5%
1970s
95.5%
1970s
95.5%
1970s
95.5%
1960s
95.5%
1960s
93.2%
1970s
93.2%
1980s
93.2%
1960s
93.2%
1960s
93.2%
1970s
90.9%
1960s
90.9%
1970s
88.6%
1960s
88.6%
1960s
88.6%
1970s
86.4%
1970s
86.4%
1970s
84.1%
1970s
84.1%
% Correct
1960s
84.1%
1960s
84.1%
1970s
81.8%
1970s
77.3%
1990s
77.3%
1970s
77.3%
1980s
72.7%
1990s
72.7%
1970s
72.7%
2000s
70.5%
1980s
70.5%
1980s
63.6%
1980s
61.4%
1960s
61.4%
1960s
59.1%
1990s
59.1%
1960s
52.3%
1970s
52.3%
1990s
47.7%
1990s
47.7%

You're not logged in!

Compare scores with friends on all Sporcle quizzes.
OR
Log In

From the Vault

Letter Geography

by lukebradford

In this quiz, it helps if your country is both populous and has a lot of letters.
Remove Ads.
Support Sporcle.
Get the best of Sporcle when you Go Orange. This ad-free experience offers more features, more stats, and more fun while also helping to support Sporcle. Thank you for becoming a member.

Show Comments

Extras

Created Jul 15, 2019ReportNominate
Tags:Bee Gees

Top Quizzes Today


Score Distribution

Your Account Isn't Verified!

In order to create a playlist on Sporcle, you need to verify the email address you used during registration. Go to your Sporcle Settings to finish the process.

Report this User

Report this user for behavior that violates our Community Guidelines.

Details: